Tvorba internetových obchodov

Výsledky štúdie Internet a nakupovanie 2007. Dôvera v špecializované internetové obchody. Ako vzniká internetový obchod.

Guardado en:
Detalles Bibliográficos
Autor principal: Záleský, Ivan, 1979-
Formato: Capítulo de libro
Lenguaje:eslovaco
Materias:
Etiquetas: Agregar Etiqueta
Sin Etiquetas, Sea el primero en etiquetar este registro!

MARC

LEADER 00000nla$a2200000$$$4500
001 0076368
005 20240502071908.1
041 0 |a slo 
044 |a SK 
245 1 0 |a Tvorba internetových obchodov  |c Ivan Záleský 
520 |a Výsledky štúdie Internet a nakupovanie 2007. Dôvera v špecializované internetové obchody. Ako vzniká internetový obchod. 
610 2 0 |a internet 
610 2 0 |a obchod elektronický 
610 2 0 |a nákup 
610 2 0 |a zákazníci 
610 2 0 |a firmy 
610 2 0 |a špecializácia 
610 2 0 |a marketing 
100 1 |a Záleský, Ivan, 1979-